[Event "Cairo Al Ain op"]
[Site "Cairo"]
[Date "2023.11.29"]
[Round "4"]
[White "Hasaballa, Mohamed"]
[Black "Abdullah, Zeinhom Hassan Kama"]
[Result "1-0"]
[WhiteElo "2071"]
[BlackElo "1759"]
[PlyCount "129"]
[EventDate "2023.11.27"]
[EventType "swiss"]
[EventRounds "10"]
[EventCountry "EGY"]
[SourceTitle "CB49_2023"]
[SourceDate "2023.12.06"]
[SourceVersion "1"]
[SourceVersionDate "2023.12.06"]
[SourceQuality "1"]

1. d4 d5 2. c4 c6 3. Nc3 Nf6 4. Nf3 a6 5. cxd5 cxd5 6. Bg5 Nbd7 7. e3 b5 8. a3 Bb7 9. Bd3 h6 10. Bh4 e6 11. 0-0 Be7 12. Rc1 Rc8 13. h3 Nb6 14. Ne5 Nc4 15. Nxc4 dxc4 16. Bxf6 Bxf6 17. Be4 Bxe4 18. Nxe4 Be7 19. f4 g6 20. Nc3 0-0 21. Qg4 Kh7 22. Qf3 Qb6 23. d5 Bc5 24. Rfe1 Rcd8 25. Kh1 exd5 26. Nxd5 Qe6 27. Rcd1 Rd6 28. e4 Kg8 29. e5 Rdd8 30. Nf6+ Kg7 31. f5 Qxf5 32. Qxf5 gxf5 33. Nd7 Rc8 34. Nxf8 Bxf8 35. Rd7 Kg8 36. e6 fxe6 37. Rxe6 a5 38. Rg6+ Kh8 39. Ra6 b4 40. axb4 axb4 41. Raa7 c3 42. bxc3 bxc3 43. Rac7 Rxc7 44. Rxc7 Bg7 45. Kg1 Kh7 46. Rc6 Bd4+ 47. Kf1 Kg7 48. Ke2 Bf6 49. Kf3 Be5 50. Re6 Bf6 51. g3 Bg5 52. Rc6 Bd2 53. Ke2 Kh7 54. h4 Kg7 55. h5 Kf7 56. Kf3 Kg7 57. Ke2 Kf7 58. Kd3 Kg7 59. Kd4 Be1 60. Re6 Bd2 61. Rc6 Be1 62. Kd5 Bxg3 63. Rg6+ Kf7 64. Rxg3 c2 65. Rg1 1-0

[Event "Cairo Al Ain op"]
[Site "Cairo"]
[Date "2023.11.28"]
[Round "3"]
[White "Hafez, Magdy Mohamed"]
[Black "Hasaballa, Mohamed"]
[Result "0-1"]
[WhiteElo "1755"]
[BlackElo "2071"]
[PlyCount "50"]
[EventDate "2023.11.27"]
[EventType "swiss"]
[EventRounds "10"]
[EventCountry "EGY"]
[SourceTitle "CB49_2023"]
[SourceDate "2023.12.06"]
[SourceVersion "1"]
[SourceVersionDate "2023.12.06"]
[SourceQuality "1"]

1. e4 c5 2. Nc3 Nc6 3. f4 e5 4. Nf3 exf4 5. Bc4 a6 6. a4 d6 7. d3 Ne5 8. Bxf4 Nxc4 9. dxc4 Be6 10. Qd3 Nf6 11. 0-0 Be7 12. Rad1 0-0 13. h3 Qb6 14. b3 Rad8 15. Rf2 h6 16. g4 Nh7 17. h4 Qc6 18. g5 hxg5 19. hxg5 Bg4 20. Rg2 Qd7 21. Kf2 g6 22. Rh1 f6 23. Rxg4 Qxg4 24. Rh4 Qe6 25. gxf6 Bxf6 0-1